Language Quiz

Random Language or Letter Quiz
Score 0/30 Timer 05:00
0 Plays Today
Letter Word % Correct
Τ τTaurus
89.8%
Μ μmutiny
86.8%
Π πpiñata
84.5%
Χ χChihuahua
79.3%
Χ χchimney
78.3%
Φ φphilosophy
77.6%
Φ φPhish
76.4%
Ρ ρrhombus
76.3%
Τ τtaunt
75.8%
Φ φPhilippines
75.1%
Μ μmundane
73.5%
Φ φphilharmonic
73.4%
Ρ ρRhode
73.1%
Ρ ρRhonda
73%
Φ φPhineas
72.3%
Letter Word % Correct
Τ τtaught
71.7%
Χ χchivalry
69.8%
Χ χchisel
69.7%
Μ μmuffin
69.1%
Π πpiano
68.6%
Π πPierce
67.9%
Π πpitchfork
66.4%
Τ τtaupe
65.8%
Π πpioneer
65.2%
Χ χChimera
65.1%
Μ μmussel
63.3%
Ρ ρRhone
62.9%
Ρ ρrhodium
54.6%
Μ μmural
53.5%
Τ τtautology
30.5%
Remove Ads.
Support Sporcle.
Get the best of Sporcle when you Go Orange. This ad-free experience offers more features, more stats, and more fun while also helping to support Sporcle. Thank you for becoming a member.

You're not logged in!

Compare scores with friends on all Sporcle quizzes.
OR
Log In

Show Comments

Extras

Top Quizzes Today


Score Distribution

Your Account Isn't Verified!

In order to create a playlist on Sporcle, you need to verify the email address you used during registration. Go to your Sporcle Settings to finish the process.

Report this User

Report this user for behavior that violates our Community Guidelines.

Details: